<?xml version="1.0" encoding="UTF-8"?>
<record
    xmlns:xsi="http://www.w3.org/2001/XMLSchema-instance"
    xsi:schemaLocation="http://www.loc.gov/MARC21/slim http://www.loc.gov/standards/marcxml/schema/MARC21slim.xsd"
    xmlns="http://www.loc.gov/MARC21/slim">

  <leader>00769nam a22001577a 4500</leader>
  <controlfield tag="003">OSt</controlfield>
  <controlfield tag="005">20151105151033.0</controlfield>
  <controlfield tag="008">151105b        xxu||||| |||| 00| 0 eng d</controlfield>
  <datafield tag="040" ind1=" " ind2=" ">
    <subfield code="c">RUA</subfield>
  </datafield>
  <datafield tag="082" ind1=" " ind2=" ">
    <subfield code="a">FOR SOV 1999 B125 Or.1</subfield>
  </datafield>
  <datafield tag="100" ind1=" " ind2=" ">
    <subfield code="9">3407</subfield>
    <subfield code="a">SOV, SUNPOR.</subfield>
  </datafield>
  <datafield tag="245" ind1=" " ind2=" ">
    <subfield code="a">Study on  ethno-botany that suffered by deforestation after exploitation at snuol district kratie province, &#x179F;&#x17B7;&#x1780;&#x17D2;&#x179F;&#x17B6;&#x17A2;&#x17C6;&#x1796;&#x17B8;&#x179F;&#x17B6;&#x179A;&#x1796;&#x17D0;&#x1793;&#x179A;&#x17BB;&#x1780;&#x17D2;&#x1781;&#x1787;&#x17B6;&#x178F;&#x17B7;&#x178A;&#x17C2;&#x179B;&#x1791;&#x1791;&#x17BD;&#x179B;&#x179A;&#x1784;&#x1793;&#x17BC;&#x179C;&#x1780;&#x17B6;&#x179A;&#x1794;&#x17C6;&#x1795;&#x17D2;&#x179B;&#x17B7;&#x1785;&#x1794;&#x17C6;&#x1795;&#x17D2;&#x179B;&#x17B6;&#x1789;&#x1780;&#x17D2;&#x179A;&#x17C4;&#x1799;&#x1796;&#x17B8;&#x1780;&#x17B6;&#x179A;&#x1792;&#x17D2;&#x179C;&#x17BE;&#x17A2;&#x17B6;&#x1787;&#x17B8;&#x179C;&#x1780;&#x1798;&#x17D2;&#x1798; &#x1793;&#x17C5;&#x179F;&#x17D2;&#x179A;&#x17BB;&#x1780;&#x179F;&#x17D2;&#x1793;&#x17BD;&#x179B; &#x1781;&#x17C1;&#x178F;&#x17D2;&#x178F;&#x1780;&#x17D2;&#x179A;&#x1785;&#x17C1;&#x17C7;</subfield>
  </datafield>
  <datafield tag="260" ind1=" " ind2=" ">
    <subfield code="a">Phnom Penh</subfield>
    <subfield code="b">RUA</subfield>
    <subfield code="c">1999</subfield>
  </datafield>
  <datafield tag="300" ind1=" " ind2=" ">
    <subfield code="a">46p.</subfield>
    <subfield code="b">ill.</subfield>
    <subfield code="c">29cm.</subfield>
  </datafield>
  <datafield tag="942" ind1=" " ind2=" ">
    <subfield code="2">ddc</subfield>
    <subfield code="c">FOR</subfield>
  </datafield>
  <datafield tag="999" ind1=" " ind2=" ">
    <subfield code="c">3178</subfield>
    <subfield code="d">3178</subfield>
  </datafield>
  <datafield tag="952" ind1=" " ind2=" ">
    <subfield code="0">0</subfield>
    <subfield code="1">0</subfield>
    <subfield code="2">ddc</subfield>
    <subfield code="4">0</subfield>
    <subfield code="6">FOR_SOV_1999_000000000000000_B125_OR_1</subfield>
    <subfield code="7">0</subfield>
    <subfield code="9">14907</subfield>
    <subfield code="a">LBB</subfield>
    <subfield code="b">LBB</subfield>
    <subfield code="c">B125</subfield>
    <subfield code="d">2015-11-05</subfield>
    <subfield code="o">FOR SOV 1999 B125 Or.1</subfield>
    <subfield code="p">RUA026855</subfield>
    <subfield code="r">2015-11-05</subfield>
    <subfield code="w">2015-11-05</subfield>
    <subfield code="y">FOR</subfield>
  </datafield>
  <datafield tag="952" ind1=" " ind2=" ">
    <subfield code="0">0</subfield>
    <subfield code="1">0</subfield>
    <subfield code="2">ddc</subfield>
    <subfield code="4">0</subfield>
    <subfield code="6">FOR_SOV_1999_000000000000000_B125_OR_2</subfield>
    <subfield code="7">0</subfield>
    <subfield code="9">14908</subfield>
    <subfield code="a">LBB</subfield>
    <subfield code="b">LBB</subfield>
    <subfield code="c">B125</subfield>
    <subfield code="d">2015-11-05</subfield>
    <subfield code="o">FOR SOV 1999 B125 Or.2</subfield>
    <subfield code="p">RUA027882</subfield>
    <subfield code="r">2015-11-05</subfield>
    <subfield code="w">2015-11-05</subfield>
    <subfield code="y">FOR</subfield>
  </datafield>
  <datafield tag="952" ind1=" " ind2=" ">
    <subfield code="0">0</subfield>
    <subfield code="1">0</subfield>
    <subfield code="2">ddc</subfield>
    <subfield code="4">0</subfield>
    <subfield code="6">FOR_SOV_1999_000000000000000_B125_OR_3</subfield>
    <subfield code="7">0</subfield>
    <subfield code="9">14909</subfield>
    <subfield code="a">LBB</subfield>
    <subfield code="b">LBB</subfield>
    <subfield code="c">B125</subfield>
    <subfield code="d">2015-11-05</subfield>
    <subfield code="o">FOR SOV 1999 B125 Or.3</subfield>
    <subfield code="p">RUA027954</subfield>
    <subfield code="r">2015-11-05</subfield>
    <subfield code="w">2015-11-05</subfield>
    <subfield code="y">FOR</subfield>
  </datafield>
  <datafield tag="952" ind1=" " ind2=" ">
    <subfield code="0">0</subfield>
    <subfield code="1">0</subfield>
    <subfield code="2">ddc</subfield>
    <subfield code="4">0</subfield>
    <subfield code="6">FOR_SOV_1999_000000000000000_B125_OR_4</subfield>
    <subfield code="7">0</subfield>
    <subfield code="9">14910</subfield>
    <subfield code="a">LBB</subfield>
    <subfield code="b">LBB</subfield>
    <subfield code="c">B125</subfield>
    <subfield code="d">2015-11-05</subfield>
    <subfield code="o">FOR SOV 1999 B125 Or.4</subfield>
    <subfield code="p">RUA026920</subfield>
    <subfield code="r">2015-11-05</subfield>
    <subfield code="w">2015-11-05</subfield>
    <subfield code="y">FOR</subfield>
  </datafield>
  <datafield tag="952" ind1=" " ind2=" ">
    <subfield code="0">0</subfield>
    <subfield code="1">0</subfield>
    <subfield code="2">ddc</subfield>
    <subfield code="4">0</subfield>
    <subfield code="6">FOR_SOV_1999_000000000000000_B125_OR_5</subfield>
    <subfield code="7">0</subfield>
    <subfield code="9">14911</subfield>
    <subfield code="a">LBB</subfield>
    <subfield code="b">LBB</subfield>
    <subfield code="c">B125</subfield>
    <subfield code="d">2015-11-05</subfield>
    <subfield code="o">FOR SOV 1999 B125 Or.5</subfield>
    <subfield code="p">RUA027616</subfield>
    <subfield code="r">2015-11-05</subfield>
    <subfield code="w">2015-11-05</subfield>
    <subfield code="y">FOR</subfield>
  </datafield>
</record>
